[Event "Match 79__120'/40"]
[Site "Zürich"]
[Date "2025.??.??"]
[Round "48"]
[White "Mephisto Polgar sel. 5"]
[Black "Mephisto Explorer Pro"]
[Result "0-1"]
[WhiteElo "1981"]
[BlackElo "2013"]
[Annotator "Utzinger,K"]
[PlyCount "121"]
[EventDate "2024.10.21"]
[EventType "match"]
[SourceVersionDate "2024.10.21"]

{[%evp 0,121,19,31,19,0,14,25,45,29,44,46,52,38,55,45,61,63,64,42,67,54,64,48,66,35,71,50,47,43,36,-14,-20,11,38,-26,-17,-33,-7,-36,-49,-50,-50,-62,-72,-86,-91,-93,-105,-107,-101,-90,-100,-114,-148,-142,-141,-138,-142,-136,-144,-146,-138,-149,-142,-146,-141,-131,-140,-157,-165,-157,-161,-161,-161,-158,-158,-161,-158,-150,-154,-156,-139,-156,-139,-139,-131,-170,-139,-218,-165,-159,-129,-222,-131,-184,-186,-197,-196,-183,-165,-159,-159,-185,-169,-178,-160,-242,-276,-273,-282,-289,-361,-547,-438,-448,-372,-510,-706,-725,-897,-1273,-1359,-1924]} 1. d4 d5 {Match 120'/40 | Bediener: Rolf Bühler | 48. Partie: Schwarz (Mephisto Explorer Pro) gewinnt | Zwischenstand: 30,5-17,5 (63,5%) für Mephisto Explorer Pro / hypothetisch: 29,0-19,0 (60,4%) für Mephisto Explorer Pro | Eröffnung: Angenommenes Damengambit | Einmal mehr ist es der Mephisto Polgar, der die wesentlichen Fehler macht und von seinem Gegner einfach überspielt wird uns so die 6. Niederlage in Folge kassiert. Schlicht grauenhaft, wie das holländische Programm von Ed Schröder in allen Spielphasen vorgeführt wird.} 2. c4 dxc4 3. Nf3 Nf6 4. e3 e6 5. Bxc4 {***ENDE BUCH***} Nbd7 {***ENDE BUCH***} 6. O-O c5 7. Nc3 cxd4 {Als genauer gilt 7...a6} (7... a6 8. a4 Be7 9. e4 {Üblicher ist 9.De2} cxd4 10. Qxd4 $14 {0-1 (78) Mikaelyan,A (2529)-Sarana,A (2693) Chess.com INT 2023}) 8. exd4 Be7 9. Bf4 Nb6 {Bemächtigt sich des wichtigen Zentralfeldes d5.} 10. Bd3 O-O $11 {Die Stellung befindet sich im dynamischen Gleichgewicht.} 11. Re1 Bd7 (11... Nbd5 {ist eine ebenbürtige Alternative}) 12. Rc1 Rc8 13. Ne5 Bc6 14. Nxc6 Rxc6 15. Qf3 {Zwei gute Alternativen waren 15.Le5 oder 15.a3. Mit dem Textzug, kein Fehler, leitet der Mephisto Polgar aber unnötige Verwicklungen ein, denen er schliesslich nicht gewachsen ist.} Qxd4 16. Bb5 Rcc8 17. Rcd1 $6 {Der erste, noch kleine Schritt ins Abseits. Die folgende Ausgleichsvariante mit vielen möglichen Nebenvarianten ist natürlich krass zu tief für das Programm von Ed Schröder.} (17. Be5 Qb4 18. Qxb7 Ng4 19. Bg3 Qxb2 20. Qxe7 Nd5 21. Qg5 Nxc3 22. Ba6 Ne4 23. Qxg4 Rxc1 24. Qxe4 Rxe1+ 25. Qxe1 Qxa2 $11) 17... Qb4 $15 {Bewertung: =/+ (-0.59) (42%) Depth: 43/60} {[#]} 18. Qxb7 $2 {[%mdl 32768] Das kommt einem ***VERLUSTZUG*** gleich. Bewertung: -+ (-2.08) (1% +0% =1% -99%) Depth: 45/55. Gut war 18.a4 a6 19.Lf1 und Schwarz hat nur geringen Vorteil.} Nc4 $2 $11 {Aber auch der Mephisto Explorer Pro ist überfordert und findet nicht die richtige Antwort 18.Le3 usw., so dass nun wieder Ausgleich herrscht.-} ({PROMENADE-avx2:} 18... Bc5 19. Be3 Bxe3 20. Rxe3 Nc4 21. Red3 Nxb2 22. Qxc8 Rxc8 23. Rd8+ Qf8 24. Rxf8+ Kxf8 25. Rb1 Rxc3 26. Rxb2 a5 27. g3 Nd5 28. Ba4 Nb4 29. Kg2 Ke7 30. Rd2 Nd3 31. h4 g6 32. Bb5 Nc5 33. a4 h6 34. Rb2 Nb3 35. Ba6 Kd6 36. Rb1 g5 37. hxg5 hxg5 38. Rd1+ Ke7 39. Bb5 Nc5 40. Rh1 Ne4 41. Rh8 f5 42. Re8+ Kf7 43. Ra8 Rc2 44. g4 Rxf2+ 45. Kg1 Rc2 46. gxf5 exf5 47. Rxa5 Kf6 48. Bd3 Ra2 49. Bxe4 fxe4 50. Kf1 {[%eval -213,45] [%wdl 0,8,992]}) 19. a3 Qxb2 20. Qxe7 Qxc3 21. Qxa7 Nxa3 22. Ba4 $15 (22. Bf1 $11 {ist genauer}) 22... Nc2 23. Bxc2 Qxc2 24. Rc1 Qg6 25. Qb7 Rcd8 {[#]} 26. Rcd1 $2 {[%mdl 32768] ***VERLUSTZUG*** bzw. ein schwerer positioneller Fehlgriff.} (26. h3 Nd5 27. Bg3 Rfe8 28. Kh2 Qd3 29. Red1 Qf5 30. Rc4 $11) 26... Rxd1 27. Rxd1 Qg4 {Der Doppelangriff auf Td1 und Lf4 erzwingt die folgende Antwort.} 28. Qf3 Qxf3 29. gxf3 Nd5 {Weiss mit einem Bauern weniger, ist in eine ungemütliche Lage geraten. Auf dem Spielniveau unserer Oldies ist der Kampf aber noch lange nicht entschieden.} 30. Bd6 Rd8 31. Ra1 g6 {Noch wesentlich stärker wäre 31...h6 gewesen.} ({PROMENADE-avx2:} 31... h6 32. Bg3 Kh7 33. Kg2 Rc8 34. Ra7 Kg6 35. Ra4 f6 36. Rg4+ Kf7 37. Rd4 Rc5 38. f4 Ra5 39. Re4 Ra6 40. Rc4 Kg6 41. Rc5 Ra2 42. Kf3 Ra3+ 43. Kg2 Kf5 44. h3 Rb3 45. Bh2 Rc3 46. Ra5 Rc7 47. Ra4 Rc2 48. Kg1 Rc8 49. Kg2 Rb8 50. Ra7 g6 51. Ra5 Rb4 52. Bg3 g5 53. fxg5 hxg5 54. Kf1 Rc4 55. Rb5 Rc1+ 56. Kg2 Rc2 57. h4 g4 58. Kf1 Rc8 59. Kg2 Rd8 60. Bc7 Rd7 61. Bg3 e5 62. Rb3 Ra7 63. Rd3 Ke4 64. Rd1 Nf4+ 65. Kh2 Rh7 66. Rf1 Kf5 {[%eval -332,56] [%wdl 0,0,1000]}) 32. Ra6 Kg7 33. Kg2 Kf6 34. f4 Kf5 35. Kf3 Rc8 36. Ra7 Rc3+ 37. Ke2 f6 38. Rxh7 Nxf4+ 39. Bxf4 Kxf4 {[#] In diesem Turmendspiel steht Weiss auf verlorenem Posten. Dies vor allem, weil die schwarzen Figuren massgeblich aktiver auftreten können.} 40. Rh4+ Kf5 41. Kd2 Rb3 42. Rh8 Rb4 43. Kd3 e5 44. Rh7 Rd4+ (44... g5 {ist logischer, z.B.} 45. Ke3 Rh4 46. Ra7 (46. Rxh4 gxh4 {und gewinnt das Bauernendspiel}) 46... Rxh2) 45. Ke2 {Nun folgen einige nutzlose Turmzüge, ohne allerdings etwa zu verderben, denn Weiss kann gar nichts zu als abwarten.} Ra4 46. Ke3 Ra8 47. Kd3 Ra2 48. Ke3 Ra3+ 49. Ke2 Kf4 50. Rh4+ Kg5 51. Rh7 f5 52. Kf1 Ra2 53. h4+ Kg4 54. Rc7 (54. Rg7 Ra6 55. Re7 e4 56. Rh7 Kf3 57. Ke1 Ra1+ 58. Kd2 Kxf2 $19) 54... e4 55. Rc6 f4 56. Kg1 (56. Rxg6+ Kf3 57. Ke1 Ra1+ 58. Kd2 Kxf2 $19) 56... Kh3 57. Kf1 f3 58. Rc1 e3 59. fxe3 Kxh4 60. e4 Kg3 61. Kg1 {***AUFGEGEBEN***} 0-1

[Event "Match 79__120'/40"]
[Site "Zürich"]
[Date "2025.??.??"]
[Round "49"]
[White "Mephisto Explorer Pro"]
[Black "Mephisto Polgar sel. 5"]
[Result "0-1"]
[WhiteElo "2013"]
[BlackElo "1981"]
[Annotator "Utzinger,K"]
[PlyCount "113"]
[EventDate "2024.10.21"]
[EventType "match"]
[SourceVersionDate "2024.10.21"]

{[%evp 0,113,19,38,25,18,34,3,-30,-34,-35,-16,-21,-28,0,-13,14,-12,64,55,49,50,60,70,70,72,21,17,21,18,2,2,7,-34,-20,-35,-35,-34,-31,-27,-47,-46,-27,-42,-69,-121,0,-83,-80,-99,-124,-120,-112,-116,-115,-123,-124,-124,-67,-90,-87,-87,-109,-117,-103,-110,-116,-141,-153,-144,-146,-269,-246,-246,-257,-272,-275,-265,-271,-397,-429,-567,-632,-632,-645,-657,-657,-656,-699,-677,-677,-687,-699,-833,-709,-709,-758,-803,-803,-798,-841,-904,-911,-1070,-923,-1002,-1025,-1113,-1092,-1241,-1241,-1324,-1507,-2076,-1477,-1990]} 1. e4 e5 {Match 120'/40 | Bediener: Rolf Bühler | 49. Partie: Schwarz (Mephisto Polgar) gewinnt | Zwischenstand: 30,5-18,5 (62,2%) für Mephisto Explorer Pro / hypothetisch: 30,0-19,0 (61,2%) für Mephisto Explorer Pro | Eröffnung: Wiener Partie | Endlich kann der Mephisto Polgar wieder einmal gewinnen. Das Schröder Programm spielt die Eröffnung nicht sehr gut und hätte frühzeitig in eine kaum haltbare Stellung geraten können. Die dafür zu findenden Züge sind jedoch nicht für Oldies gemacht. So kann Schwarz bald wieder ausgleichen. In der Folge agiert der Mephisto Polgar aber vielfach genauer als sein Gegner, vermag allerdings erst seine dritte Gewinnchance zu nutzen.} 2. Nc3 Nf6 3. f4 d5 4. fxe5 {***ENDE BUCH***} Nxe4 5. Nf3 Be7 {***ENDE BUCH***} 6. Be2 Bc5 $6 {Erlaubt dem Gegner, mit d2-d4 ein wichtiges Tempo für die Entwicklung zu gewinnen.} (6... Bh4+ 7. g3 Be7 {ist eine interessante Idee, um den weissen Königsflügel, die Felder g4 und h3, zu schwächen.} 8. d3 Nxc3 9. bxc3 Bh3 10. Kf2 O-O 11. Re1 f6 12. exf6 Bxf6 13. d4 Nd7 14. Kg1 c6 15. Kh1 b5 16. Ng1 Bf5 17. Bd3 Bxd3 18. Qxd3 Nb6 19. Bd2 Qd7 20. Kg2 Nc4 21. Rab1 Nd6 22. Bf4 Ne4 23. Nf3 Rae8 24. Re2 g5 25. Bd2 Qf5 26. Rf1 Qg4 27. Be1 Nd6 28. h3 Rxe2+ 29. Qxe2 Qe4 30. Qxe4 Nxe4 31. h4 g4 32. Nh2 h5 33. Rf4 Bd8 34. Rxf8+ Kxf8 35. Nf1 Ba5 36. Nd2 Bxc3 37. Nxe4 Bxe1 38. Nf6 Bc3 39. Nxh5 Bxd4 40. Nf4 Kf7 41. Nd3 Ke6 42. Kf1 a5 43. Ke2 Kf5 44. Kd2 Ke4 45. Ke2 b4 46. Nc1 Be5 47. Kf2 a4 48. Nd3 Bd6 49. Nb2 a3 50. Nd1 Be5 51. Kg2 Bd4 52. Nf2+ Bxf2 53. Kxf2 c5 54. Ke2 c4 55. Kd2 b3 56. cxb3 cxb3 {0-1 (56) Arnold,F (2315)-Teodorescu,F (2235) Italy 1998}) 7. d4 Bb4 8. Qd3 {Zugunsten einer schnellen Entwicklung wäre Stockfish 17 bereit, mit 8.0-0 einen Bauern zu opfern. Ein solches Vorgehen ist unseren Oldies natürlich fremd.} ({Stockfish 17:} 8. O-O {0.38(55%)/44} Bxc3 9. bxc3 Nxc3 10. Qe1 Nxe2+ 11. Qxe2 O-O 12. h4 c5 13. Ba3 Bg4 14. Bxc5 Re8 15. Qf2 Nd7 16. Bd6 Nb6 17. Ng5 Qd7 18. Qxf7+ Qxf7 19. Rxf7 h6 20. Rf4 Bd7 21. Nf3 Na4 22. Bb4 a5 23. Bd2 Rec8 24. Rb1 b5 25. Ne1 Nc3 26. Bxc3 Rxc3 27. Rb3 Rc7 28. Rg3 Rf8 29. Rxf8+ Kxf8 30. Rg6 Rc4 31. Rd6 Ke7 32. Rxd5 {[%eval 38,44] [%wdl 113,877,10]}) 8... O-O $6 $16 {Deutlich stärker ist der aktive Läuferzug} (8... Bf5 {droht ...Sg3} 9. Qe3 O-O 10. O-O $14) 9. O-O {[#]} Nxc3 {[%mdl 2] ***VERLUSTZUG*** Selbst jetzt noch wäre 9...Lf5 anzuraten, denn nach dem Textzug erhält Weiss längerfristig eine Gewinnstellung.} (9... Bf5 10. Ng5 $1 Nxg5 11. Rxf5 $16) 10. bxc3 Be7 $18 11. c4 $2 $11 {Vergibt den mit 11.h4 gewinnbringenden Vorteil. Aber klar doch, dass unsere Oldies nicht in der Lage sind, solche Dinge zu erkennen.} ({PROMENADE-avx2:} 11. h4 {+2.45(100%)/50} h6 12. Nh2 Bxh4 13. Ng4 a5 14. Rb1 Bg5 15. Nf6+ gxf6 16. exf6 Ra6 17. Bxg5 hxg5 18. Qf3 Rxf6 19. Qxf6 Qxf6 20. Rxf6 Kg7 21. Rf3 Nc6 22. Rg3 f6 23. Re3 g4 24. Bb5 Bf5 25. Bd3 Bc8 26. Rb5 Rd8 27. Rc5 Rd6 28. Bb5 Bf5 29. Bxc6 bxc6 30. Rxa5 Bxc2 31. Kf2 f5 32. Kg3 Be4 33. Kf4 Kg6 34. Ra7 c5 35. Rxc7 Ra6 36. Re2 cxd4 37. cxd4 Ra3 38. Rc6+ Kh5 {[%eval 245,50] [%wdl 997,3,0]}) 11... dxc4 12. Qxc4 Be6 13. Qd3 c5 14. c3 cxd4 15. cxd4 Nc6 $11 {Nun hat Schwarz leichtes Spiel wegen der Schwäche des weissen d4-Bauern und der Kontrolle über das starke Zentralfeld d5.} 16. Rd1 Nb4 17. Qb1 $6 $17 {Ein ungünstiger Platz für die Dame.} (17. Qd2 $1 Rc8 18. a3 Nd5 19. Rf1 $11) 17... Rc8 18. Rd2 (18. a3 {verliert wegen} Nc2 $19) 18... Qc7 {Stärker ist 18...Sd5.} (18... Nd5 {denn} 19. Qxb7 $2 {wäre ein schlimmer Fehler wegen} Bb4 20. Rd1 Rb8 {und nun gibt es keine Rettung mehr} {PROMENADE-avx2: 1)} 21. Qxa7 ({PROMENADE-avx2: 2)} 21. Qa6 Qd7 {-+ (-3.37) (0%) ST 44}) ({PROMENADE-avx2: 3)} 21. Qc6 Nc3 {-+ (-3.73) (0%) ST 44}) 21... Nc3 22. Qa6 Nxd1 {-+ (-2.80) (0%) ST 45}) 19. Ba3 {Die Verteidigung 19.Ld1 ist eine Spur exakter.} Qc3 $6 {Und weg ist selbst der geringe Vorteil von Schwarz. Deshalb war 19...Da5 besser.} 20. Bxb4 Bxb4 {[#]} 21. Bd3 $2 {[%mdl 32768] ***VERLUSTZUG*** Die Bewertung springt nach diesem Fehler von = (-0.08) (50%) auf -+ (-2.34) (0%). Mit 21.Td3 war die Stellung zu halten. Wenn ich diese Stellung betrachte, fällt es mir schwer zu ergründen, weshalb der Textzug so schlecht ist. Ich habe 5 Minuten an Bedenkzeit aufgewendet, ohne gescheiter zu werden. Und selbst als ich den gemäss den Engines besten Zug 21...g6 wusste, hat bei mir das Licht noch nicht gezündet. Offenbar übermenschliches Schach der Engines.} (21. Rd3 Qc2 22. Qxb4 Qxe2 23. Qd2 Qxd2 24. Rxd2 $11) 21... h6 $2 {Das ist gemäss den Engines wesentlich schwächer als 21...g6, was dem König ein Luftloch öffnet, was nach 21...h6 nicht direkt der Fall ist, weil die weissen Figuren h7 im Griff haben. Nach dem Fehlen eines dunkelfarbigen Läufers von Weiss, kann sich Schwarz die Schwächung seiner dunklen Felder erlauben. Wichtiger ist hier, dass die Wirkung der weissen Figuren eingeschränkt wird. Weshalb 21...g6 ein klarer Gewinnzug ist, muss ich anhand diverser Varianten zu Gemüte führen, um am Ende doch noch erleuchtet zu werden.} (21... g6 {-+ (-2.67) (0%) ST 48 mit folgender Bestvariante von Stockfish 17:} 22. Rf2 {Hier untersuchte ich diverse Alternativen, um die Stellung besser zu verstehen:} (22. Be4 $4 {verliert sofort} Qe3+ 23. Kh1 Bxd2 24. Nxd2 Qxd2 $19 {ganzer Turm mehr für Schwarz}) (22. Rd1 {entzieht sich dem Angriff des Lb4 nach einem Wegzug der Dame} Qa3 {droht ..Lc3 und erobert die Qualität} 23. Be4 Bc3 24. Qd3 {fesselt den Lc3, so dass ...Lxa1 nicht möglich ist} Rfd8 25. Bxb7 $2 Rc7 26. Be4 Bc4 27. Qc2 Bxa1 28. Rxa1 Qe3+ 29. Kh1 Qe2 30. Rc1 Rdc8 31. Qxe2 Bxe2 32. Rxc7 Rxc7 33. Kg1 Bxf3 34. gxf3 Rc4 35. d5 Kf8 36. Kf2 Ra4 37. Bb1 Ra5 38. Ke3 Rxd5 $19 {und gewinnt mit der puren Qualität mehr}) (22. Qd1 {überdeckt den Ld3 ein zweites Mal} Qa3 23. Rc2 Rxc2 24. Qxc2 (24. Bxc2 Bxa2 25. Be4 Qe3+ 26. Kh1 Bb3) 24... Rc8 25. Qe2 Rc3 26. Rd1 Bxa2 27. Qe4 Be6 28. Qxb7 Bb3 29. e6 {noch am besten} Bxe6 30. Qa6 (30. Be2 Rc1 31. Kf2 Rxd1 32. Bxd1 Qa2+ 33. Kg1 Bf8) 30... Bd5 31. Qxa3 Rxa3 32. Be2 Ra2 33. Kf1 a5 $19 {schwarze Gewinnstellung: Mehrbauer, Läuferpaar, aktiver stehende Figuren, riesenstarker Freibauer auf der a-Linie}) (22. Qf1 {stellt die Dame günstiger und überdeckt den Ld3} Qa3 23. Rdd1 Bc3 24. Rac1 Bxa2 25. h3 Bb3 {der weisse Turm hat kein Fluchtfeld mehr} 26. Bc2 Bb2 27. Ra1 Bxa1 28. Rxa1 Qb2 29. Bxb3 Qxb3 $19 {und die materielle Überlegenheit von Schwarz wird sich durchsetzen, denn} 30. Rxa7 $2 {würde wie folgt verlieren} Qe3+ 31. Kh2 Qf4+ 32. g3 Rc2+ 33. Kh1 Qxg3 $19) 22... Bd5 23. Kh1 Bxf3 24. Rxf3 Qxd4 25. a3 Bc3 26. Ra2 Qd5 27. Bc2 Qxe5 $19 {2 Mehrbauern für Schwarz}) {[#]} 22. Kh1 $2 $19 {[%mdl 32768] ***VERLIERT*** wieder, statt dem Gegner mit 22.Td1! Widerstand zu leisten.} Bd5 $2 $11 {Schwach und somit Gewinn vorbei.} (22... Qa3 23. Rd1 Bc3 24. Qc1 Qe7 25. Rb1 Bxd4 26. Qf4 Bb6 $19) 23. Bh7+ $6 {Das führt erneut zu Schwierigkeiten für Weiss; 23.Td1! war die richtige Verteidigung.} Kh8 $15 {[#]} 24. Rc2 $2 $19 {[%mdl 32768] ***VERLUSTZUG***} (24. Bf5 Qa3 25. Bxc8 Bxd2 26. Bxb7 Bc3 27. Bxd5 Bxa1 28. h4 (28. Qxa1 $4 Rc8 $19) 28... Bxd4 29. Qf5 Qc5 30. Bb3 Kg8 31. h5 $15 {und Schwarz steht nur leicht besser.}) 24... Qa3 25. Rxc8 Rxc8 $19 {Nun hat Schwarz eine gewonnene Stellung.} 26. Bf5 Rc7 27. Qf1 g6 {27...Kg8 ist noch stärker.} 28. Bd3 Bc3 {Noch stärker ist 28...Le7.} 29. Qc1 $6 $19 {Auch das bessere 29.Td1 bietet nur wenig Chancen auf Rettung.} Qxc1+ 30. Rxc1 Bxa2 {Der schwarze Mehrbauer, das starke Läuferpaar von Schwarz und die beiden verbundenen Freibauern am Damenflügel entscheiden nun den Kampf.} 31. Ng1 Bb3 32. Ne2 Ba5 33. Kg1 Rxc1+ 34. Nxc1 Bd5 35. Ne2 Bd2 36. Kf2 a5 37. Bb5 Bb3 38. Ng3 a4 39. e6 {Pure Verzweiflung.} fxe6 40. Ke2 a3 {Der Rest ist Schweigen, denn die Umwandlung dieses Bauern lässt sich nicht mehr aufhalten.} 41. Kxd2 a2 42. Kc3 a1=Q+ 43. Kxb3 Qxd4 44. Bc4 Qg1 45. Nf1 Qxg2 46. Ka4 e5 47. Kb3 Qf2 48. Bb5 e4 49. Ng3 e3 50. Ne2 Qxh2 51. Nc3 g5 52. Be2 h5 53. Bd1 g4 54. Be2 g3 55. Bf3 h4 56. Ne2 Qf2 57. Bg4 {***AUFGEGEBEN***} 0-1